[Event "Groningen op-B 55th"]
[Site "Groningen"]
[Date "2017.12.28"]
[Round "7"]
[White "Vandeputte, Samuel"]
[Black "Van Hamond, Fons"]
[Result "0-1"]
[WhiteElo "1576"]
[BlackElo "2061"]
[PlyCount "155"]
[EventDate "2017.12.22"]
[EventType "swiss"]
[EventRounds "9"]
[EventCountry "NED"]
[SourceTitle "CBM 182 Extra"]
[Source "ChessBase"]
[SourceDate "2018.02.23"]
[SourceVersion "1"]
[SourceVersionDate "2018.02.23"]
[SourceQuality "1"]

1. c4 f5 2. d4 Nf6 3. Nc3 g6 4. Nf3 Bg7 5. g3 0-0 6. Bg2 d6 7. 0-0 c6 8. Qb3 Kh8 9. d5 e5 10. dxe6 Na6 11. Be3 Qe7 12. Ng5 Ng4 13. Bf4 Ne5 14. Rad1 Nc5 15. Qc2 Nxe6 16. Nxe6 Bxe6 17. b3 Rad8 18. f3 g5 19. Be3 a6 20. Bb6 Rd7 21. f4 gxf4 22. gxf4 Ng4 23. h3 Nf6 24. Bf2 Rfd8 25. Rfe1 d5 26. Bb6 Rc8 27. Na4 Ne4 28. cxd5 Bxd5 29. Nc5 Nxc5 30. Bxc5 Qe6 31. Qd3 Rcd8 32. Bd4 Bxg2 33. Bxg7+ Kxg7 34. Qg3+ Kh8 35. Qc3+ Kg8 36. Rxd7 Rxd7 37. Kxg2 Rg7+ 38. Kf2 Qg6 39. Qf3 Qd6 40. e3 Qd2+ 41. Qe2 Rd7 42. Qxd2 Rxd2+ 43. Re2 Rd1 44. Kg3 Kf7 45. Kh4 Ke6 46. e4 fxe4 47. Rxe4+ Kf7 48. Kg5 Rd2 49. Ra4 Rg2+ 50. Kh4 Kf6 51. Rd4 Re2 52. Rd7 Re7 53. Rd8 Rg7 54. Rf8+ Rf7 55. Rd8 Kf5 56. Kg3 Ke4 57. Re8+ Kd4 58. Kf3 c5 59. Rd8+ Kc3 60. Rd5 Kb4 61. f5 b5 62. Kf4 c4 63. Rd4 Kc3 64. Rd6 a5 65. bxc4 bxc4 66. Rd5 a4 67. Ke5 Kb2 68. Rd2+ Kc1 69. Rd4 Rc7 70. f6 c3 71. Kd6 Rc8 72. f7 c2 73. Ke7 Kb1 74. Rd8 c1Q 75. f8Q Qc5+ 76. Kf7 Qxf8+ 77. Rxf8 Rxf8+ 78. Kxf8 0-1